000 00604nam a2200193 i 4500
001 69514
003 ES-MaACL
005 20250807081301.0
007 t|
008 040707s1952 sp ||||1| spa d
100 1 _aGarcía D. Figar, Antonio.
_954397
245 1 3 _aEl hombre en el matrimonio /
_cGarcía D. Figar.
260 _aMadrid :
_bCompañía Bibliográfica Española,
_c1952 (
_fImp. Murillo)
300 _a294 p. ;
_c15 cm.
650 0 7 _aMatrimonio
_2embne
_914855
710 2 _aCompañía Bibliográfica Española.
_9171207
852 _aES-MaACL
_jD-7980
999 _c69514
_d69514